000
00345nam a22001337a 4500
005
20251108175621.0
008
250721s2018 xx 000 0 ara d
082
1
4
_a
ط/ق/ثعل
245
1
0
_a
الثعلب المخادع والدجاجة الحمراء /
264
_b
HAT،
_c
2018.
300
_a
31ص.
942
_2
ddc
_c
BK
999
_c
138382
_d
138382